Visualizzazione normale
Vista MARC
- Spoletini, Domenico
di Personal Name
Records bibliografici associati: 3
001 - CONTROL NUMBER
- control field: 179
003 - CONTROL NUMBER IDENTIFIER
- control field: IT-RoPau
005 - DATE AND TIME OF LATEST TRANSACTION
- control field: 20130117092609.0
008 - FIXED-LENGTH DATA ELEMENTS
- fixed length control field: 130117|| aca||aabn | a|a d
040 ## - CATALOGING SOURCE
- Original cataloging agency: IT-RoPau
- Transcribing agency: IT-RoPau
100 ## - HEADING--PERSONAL NAME
- Personal name: Spoletini, Domenico
- Titles and other words associated with a name: ssp
670 ## - SOURCE DATA FOUND
- Source citation: Work cat.: (IT-RoPau): Spoletini, Domenico ssp, Don Alberione, 1994